00494nam a22001697a 450000500170000001000150001702000260003203500140005803700130007208200120008524500750009726000390017227000520021130000230026350000190028670000190030520190718165312.0 aENG-126004 c595.00a9789353041502 aEN-109536 bDBAD/PUB a338.954 aThe path ahead :ced.by Amitabh Kantbtransformative ideas for India / aNew DelhibRupa Publicationsc2018 a7/16, Ansari RoadbDaryaganj, New Delhie110002 axi,346p.c22cm(Hb) aIncludes index aKant, Amitabh